|
|
|
|
| LEADER |
01289nam a22003372a 4500 |
| 001 |
000078887 |
| 003 |
CZ BrMZK |
| 005 |
20200902105553.0 |
| 007 |
ta |
| 008 |
030724s1961 ru f ab |||| 0 rus d |
| 020 |
|
|
|q (Váz.)
|
| 040 |
|
|
|a ABD001
|b cze
|d ABD005
|d ABD001
|d BOA001
|
| 072 |
|
7 |
|a 811.16
|x Slovanské jazyky
|2 Konspekt
|9 11
|
| 080 |
|
|
|a 811.16
|2 MRF
|
| 080 |
|
|
|a 81'362
|2 MRF
|
| 080 |
|
|
|a (048.8)
|2 MRF
|
| 100 |
1 |
|
|a Bernštejn, Samuil Borisovič,
|d 1911-1997
|7 js20020805013
|4 aut
|
| 245 |
1 |
0 |
|a Očerk sravnitel‘noj grammatiki slavjanskich jazykov /
|c Samuil Borisovič Bernštejn
|
| 260 |
|
|
|a Moskva :
|b AN SSSR,
|c 1961
|
| 300 |
|
|
|a 350 s. :
|b mapy
|
| 504 |
|
|
|a Obsahuje bibliografii a rejstříky
|
| 550 |
|
|
|a Vydavatel: Institut slavjanovedenija (Akademija nauk SSSR)
|
| 650 |
0 |
7 |
|a slovanské jazyky
|7 ph125652
|2 czenas
|
| 650 |
0 |
7 |
|a komparativní mluvnice
|7 ph117213
|2 czenas
|
| 655 |
|
7 |
|a monografie
|7 fd132842
|2 czenas
|
| 710 |
2 |
|
|a Institut slavjanovedenija (Akademija nauk SSSR)
|7 kn20020321138
|
| 910 |
|
|
|a BOA001
|b 3-0462.725
|
| 990 |
|
|
|a BK
|
| 991 |
|
|
|b 202005
|
| 996 |
7 |
|
|b 2619958710
|c 3-0462.725
|l MZK
|r Sklad / do 1 hodiny
|n 9
|w 000078887
|u 000020
|a 1
|e BOA001
|j MZK50
|s A
|
| 996 |
6 |
|
|b 2619980395
|c 3-0462.725
|l MZK
|r Sklad / do 1 hodiny
|n 0
|w 000078887
|u 000010
|a 1
|e BOA001
|j MZK50
|s P
|